| 000 | 00718cab a2200253 4500 | ||
|---|---|---|---|
| 001 | WB3314-10 | ||
| 008 | 090401t1997 xxu||||| |||| 00| 0 eng d | ||
| 035 | _a(Sirsi) u77589 | ||
| 041 | _aeng | ||
| 245 | _aChurch recovers fortune | ||
| 260 | _c1997 | ||
| 350 | _a0 | ||
| 490 |
_aTimes _v1 April 1997, 6(1) |
||
| 520 | _aThe Church of England has recovered from the losses it suffered in the 1980s, with assets soaring to a record £3bn. | ||
| 650 | _aCHURCH COMMISSIONERS | ||
| 650 | _aCHURCH OF ENGLAND | ||
| 650 | _aFINANCIAL RECOVERY | ||
| 650 | _aPROPERTY ASSETS | ||
| 650 | _aPROPERTY CRASH | ||
| 650 | _aRESULTS | ||
| 690 | _aPROPERTY-COMMERCIAL PROPERTY | ||
| 942 | _n0 | ||
| 948 | _c04/04/1997 | ||
| 999 |
_c48777 _d48777 |
||